| 000 | 01135nam a2200301 i 4500 | ||
|---|---|---|---|
| 003 | DO-SdBNP | ||
| 005 | 20231120123106.0 | ||
| 007 | ta | ||
| 008 | 211018e2018 dr a|||er|||| 001 pdspa d | ||
| 020 | _a9789945609486 | ||
| 040 |
_aDO-SdBNP _bspa _cBNPHU _erda |
||
| 082 | 4 |
_aRD861.44 _bJ66q _222 |
|
| 100 | 1 |
_aJohnson Benoit, Daniel, _eautor _926955 _d1962- |
|
| 245 | 1 | 0 |
_aQuizás nunca leeré un poema : _binstantes y paréntesis. poesía reunida / _cDaniel Johnson Benoit ; Ilustración, Mariela Abigaíl Johnson |
| 264 |
_aSanto Domingo : _bSantuario, _c2018. |
||
| 300 |
_a134 páginas _bilustraciones ; _c23 cm. |
||
| 336 |
_2rdacontent _atexto _btxt |
||
| 337 |
_2rdamedia _asin mediación _bn |
||
| 338 |
_2rdacarrier _avolumen _bnc |
||
| 500 | _aIncluye datos biográficos del autor en la solapa de la cubierta | ||
| 500 | _aLa biblioteca posee 2 ejemplares autográfiados por el autor | ||
| 590 | _aInventariado 2023/BT | ||
| 650 | 4 | _aPoesía dominicana | |
| 650 | 4 | _aLiteratura dominicana | |
| 700 | 1 |
_aJohnson, Mariela Abigaíl, _eilustraciones _984648 |
|
| 910 | _aValidado. Control de calidad MFF | ||
| 942 |
_2ddc _cLBS1 |
||
| 999 |
_c50768 _d50768 |
||